000 00372 a2200169 4500
001 176614
020 _a85-16-00424-4
040 _cMagnum
100 _aNoronha, Teresa
240 1 0 _aO porão mal-assombrado
_lpor
245 1 0 _aO porão mal-assombrado
300 _a23
362 0 _a1999
440 1 _aModerna
697 _aLITERATURA INFANTO-JUVENIL
942 _cBK
999 _c176614
_d176614